[Event "Modbury Championship"]
[Site "Modbury"]
[Date "1997.??.??"]
[Round "?"]
[White "Kramer, Warren"]
[Black "Wellnitz, Gerhard"]
[Result "1-0"]
[WhiteElo "1279"]
[BlackElo "1069"]
[Annotator "Fritz 5.32"]
[PlyCount "73"]
[EventDate "1997.??.??"]
[EventType "tourn"]
[EventRounds "11"]
[EventCountry "AUS"]

1. d4 Nf6 {
Opening = E61 - Königsindisch-Abweichungen der HV /King's Indian-deviations ML}
2. c4 g6 3. Nc3 e6 $146 {Covers d5} (3... d6 4. Bf4 (4. e4 Nbd7 5. Be3 a6 6. f3
c6 7. Qd2 b5 8. O-O-O Bb7 9. g4 bxc4 10. g5 Nh5 11. Bxc4 e6 12. Nge2 d5 13. Bd3
a5 14. Ng3 Nxg3 15. hxg3 a4 16. Kb1 Qa5 17. Rc1 Ba6 18. Bf4 Bg7 {
Evseev,D-Bosboom,M/Groningen op 1995/EXP 50/1/2-1/2 (42)}) 4... Nh5 5. Bd2 Bg7
6. e3 e5 7. dxe5 dxe5 8. Be2 Nf6 9. Nf3 Nbd7 10. O-O O-O 11. a3 c6 12. Qc2 Qe7
13. b4 Ne8 14. c5 f5 15. Bc1 Nc7 16. Bb2 e4 17. Nd2 Ne5 18. Nc4 {
Landenberger,A-Ulms,S/Binz 1995/0-1 (45)}) 4. e4 Bb4 5. Bg5 h6 6. Bxf6 Qxf6 7.
Nf3 $11 (7. e5 Qe7 $14) 7... Nc6 8. a3 Bxc3+ {
d4 seems the pivot of the position} 9. bxc3 {Prevents intrusion on b4} b6 10.
e5 {White gains space} Qe7 11. Be2 Bb7 12. Qc2 O-O-O 13. O-O d6 14. exd6 Qxd6
15. Nd2 $11 (15. Rfb1 e5 16. c5 Qf6 $14 (16... bxc5 17. dxe5 Nxe5 18. Nxe5 Qxe5
19. Qb2 $14)) 15... g5 $14 (15... f5 16. Rfd1 $11) 16. Bf3 f5 17. Bxc6 $11 (17.
Rfb1 Qd7 $14) 17... Bxc6 18. d5 $15 {White wins space} (18. Rfe1 $142 $5 $14 {
has some apparent merit}) 18... Bd7 19. dxe6 {
Is this a dangerous pawn?. White gets kings attack} Bxe6 20. Rfd1 Qc6 {
Attacks the isolani on c4} 21. h3 $17 (21. a4 a5 $15) 21... h5 {
Black prepares the advance g4} (21... g4 22. h4 $17) 22. Nf3 g4 {
This push gains space} ({Less advisable is} 22... Bxc4 23. Ne5 Qe6 24. Nxc4
Qxc4 25. Qxf5+ Kb7 26. Qxg5 Qxc3 27. Rdc1 $14) 23. hxg4 hxg4 ({Weaker is} 23...
fxg4 24. Ne5 Qa8 25. Rxd8+ Rxd8 26. Qg6 $14) 24. Rxd8+ Kxd8 25. Rd1+ Kc8 26.
Nd4 Qd6 27. g3 Bd7 $15 (27... Kb8 28. Qb3 $17) 28. Nxf5 Bc6 $4 $18 {
throws away the game} (28... Qe6 $142 {had to be tried to avoid defeat} 29. Ne3
Kb8 $15) 29. Nxd6+ cxd6 {Do you see the mate threat?} 30. Qf5+ Kb7 31. Rd5 Re8
(31... Bxd5 {hardly improves anything} 32. Qd7+ Kb8 33. Qxd6+ Kc8 34. cxd5 $18)
32. Qf7+ (32. Qxg4 {makes it even easier for White} Re1+ 33. Kh2 Bxd5 34. Qd7+
Ka6 35. cxd5 Re2 $18) 32... Ka6 33. Qf5 $11 (33. Kf1 $142 {
and White takes home the point} Rh8 34. Rg5 Rh1+ 35. Ke2 $18) 33... Kb7 34.
Qxg4 (34. Rxd6 $4 {Taking that pawn is naive} Re1+ 35. Kh2 Rh1#) 34... a6 (
34... Re1+ {doesn't improve anything} 35. Kh2 $18) 35. Qd1 (35. f4 $142 {
seems even better} Rd8 36. Rh5 Bd7 $18) 35... Bxd5 36. Qxd5+ Kc7 37. Qf7+ (37.
Qf7+ Kd8 38. Qb7 $18) 1-0

[Event "Modbury Championship"]
[Site "Modbury"]
[Date "1997.??.??"]
[Round "?"]
[White "Anderson-Smith, William"]
[Black "Porlaje, Benjamin"]
[Result "1-0"]
[WhiteElo "1465"]
[BlackElo "1270"]
[Annotator "Fritz 5.32"]
[PlyCount "83"]
[EventDate "1997.??.??"]
[EventType "tourn"]
[EventRounds "11"]
[EventCountry "AUS"]

1. d4 Nf6 {
Opening = E11 - Damenindisch-Bogoljubow Varian /Queen's Indian-Bogoljubov Var}
2. c4 e6 3. Nf3 Bb4+ 4. Bd2 Bxd2+ 5. Qxd2 d5 6. Nc3 c6 (6... O-O 7. cxd5 (7. e3
c5 8. dxc5 Qa5 9. Ne4 Qxd2+ 10. Nexd2 a5 11. Rc1 Bd7 12. cxd5 exd5 13. Nd4 Rc8
14. Rc3 a4 15. Rc2 Nc6 16. Nxc6 Bxc6 17. f3 Ra5 18. Bd3 g6 19. Ke2 Nd7 20. Rhc1
Ne5 21. f4 Nxd3 {
Chetverik,M-Lepsenyi,L/Budapest Schneider op 1995/EXP 46/1-0 (38)}) 7... exd5
8. g3 c6 9. Bg2 Re8 10. O-O Ne4 11. Qc2 Bf5 12. Nh4 Nxc3 13. Qxc3 Be6 14. b4
Nd7 15. a4 a5 16. Rfb1 axb4 17. Rxb4 Qa5 18. Rc1 b6 19. Qb2 c5 20. dxc5 bxc5
21. Rf4 Reb8 22. Qa2 c4 23. Nf5 Qc5 24. Qd2 Nf6 25. Ne3 Rxa4 26. Rxf6 gxf6 27.
Bxd5 Qb4 28. Qc2 Qb2 29. Bxe6 fxe6 30. Qxa4 Qxc1+ 31. Kg2 Qb1 32. Qxc4 Qb7+ 33.
Kh3 Qf7 {1/2-1/2 Anastasian,A-Makarov,M/URS-chT Podolsk 1990/TD 90\02 (33)}) 7.
e3 O-O 8. b4 $146 (8. Bd3 Nbd7 9. O-O (9. cxd5 exd5 10. O-O Re8 11. Qc2 g6 12.
Rfc1 Qe7 13. Nd2 Nb6 14. h3 Bd7 15. Nb3 Ne4 16. Bxe4 dxe4 17. Nc5 Be6 18. Qxe4
Nc4 19. Nxe6 Qxe6 20. Qxe6 fxe6 21. Ne4 Nxb2 22. Rab1 Nd3 23. Rc3 Nxf2 24. Kxf2
{1-0 Fraas,H-Roos,J/Baden Baden op 1987/TD 87\04 (24)}) 9... dxc4 10. Bxc4 c5
11. Rfd1 Nb6 12. dxc5 Qxd2 13. Nxd2 Nxc4 14. Nxc4 Bd7 15. b4 Rac8 16. Nd6 Rb8
17. b5 Rfd8 18. Rac1 Ne8 19. Nce4 f5 20. Nxe8 Bxe8 21. Nd6 Kf8 22. c6 Rxd6 {
Schulz,R-Junge,W/OLNO 1992/BIG 90/1-0 (38)}) 8... a6 {Secures b5} 9. a4 Nbd7
10. cxd5 exd5 11. Bd3 h6 {Consolidates g5} 12. O-O Re8 13. b5 {
White gets more space} Nf8 (13... c5 14. bxa6 bxa6 15. Rab1 $11) 14. bxc6 bxc6
{Controls b5.} 15. a5 Bg4 16. Ne5 Qc8 $16 (16... c5 $142 $5 $11 {
should be examined more closely}) 17. Na4 Qe6 $18 (17... Qc7 18. Rac1 Rxe5 19.
dxe5 $18) 18. Nb6 Ra7 19. Rfc1 Rc7 20. Bxa6 N6d7 $2 (20... Qd6 $142 $18) 21.
Nxg4 Qxg4 22. Nxd5 $1 {White should return some of the goodies he has collected
} Ra7 23. Rxc6 Re6 24. Rxe6 Qxe6 25. Bc4 Qd6 (25... Nf6 {
doesn't change anything anymore} 26. Nxf6+ Qxf6 27. a6 $18) 26. Qa2 Nf6 27.
Nxf6+ Qxf6 28. Qb3 Nd7 29. Ra2 Ra8 30. Qb1 Qd6 31. g3 Qc7 32. Qe4 Rf8 33. Bd3 {
The mate threat is Qh7} Nf6 34. Qf5 Rd8 35. Rc2 Qb8 36. a6 Kh8 37. Rc6 Kg8 38.
Qb5 (38. Bc4 {might be the shorter path} Kf8 $18) 38... Qa8 39. Qb7 Kf8 (39...
Rb8 {praying for a miracle} 40. Qxa8 Rxa8 $18) 40. Rc7 (40. Bf5 {
makes it even easier for White} Kg8 41. Rc8 Qxc8 42. Bxc8 Ne8 $18) 40... Ne8 (
40... Kg8 {there is nothing better in the position} 41. Bf5 Nd5 $18) 41. Rxf7+
Kg8 42. Qe7 (42. Qe7 Qg2+ 43. Kxg2 Nf6 44. Rxg7+ Kh8 45. Rh7+ Nxh7 46. Qxh7#)
1-0

[Event "Modbury Championship"]
[Site "Modbury"]
[Date "1997.??.??"]
[Round "?"]
[White "Giermann, Arno"]
[Black "Gaviola, Cecil"]
[Result "0-1"]
[WhiteElo "1556"]
[BlackElo "1498"]
[Annotator "Fritz 5.32"]
[PlyCount "99"]
[EventDate "1997.??.??"]
[EventType "tourn"]
[EventRounds "11"]
[EventCountry "AUS"]

1. e4 c5 {
Opening = B94 - Sizilianisch-Najdorf V mit 6.Bg5 /Sicilian-Najdorf with 6.Bg5}
2. Nf3 d6 3. d4 cxd4 4. Nxd4 a6 5. Nc3 Nf6 6. Bg5 e5 7. Bxf6 (7. Nb3 Be7 8. Qd2
Be6 9. O-O-O Nbd7 10. f3 b5 11. a3 O-O 12. h4 Qc7 13. g4 Rac8 14. Be3 d5 15. g5
d4 16. Bxd4 exd4 17. Nxd4 Bxa3 18. gxf6 Nxf6 19. Rg1 Qxc3 20. Rxg7+ Kxg7 21.
Qg5+ Kh8 22. Qxf6+ Kg8 23. Qg5+ Kh8 24. Qf6+ {
1/2-1/2 Ghate,S-Zozulia,A/Menorca 1996 (24)}) (7. Nde2 Be6 8. g3 Nbd7 9. Bg2 h6
10. Be3 b5 11. O-O Nb6 12. b3 Ng4 13. Bc1 b4 14. Nd5 Nxd5 15. exd5 Bf5 16. c4
bxc3 17. Nxc3 Be7 18. h3 Nf6 19. Be3 O-O 20. Rc1 Qd7 21. Kh2 Rfc8 {
Donner,B-Hengelbrock,J/NRW-I 1996/GER 13/1/2-1/2 (74)}) 7... Qxf6 8. Nd5 Qd8 9.
Nf3 $146 (9. Ne2 Nc6 10. Ng3 Be6 11. Ne3 Be7 12. c3 O-O 13. Bd3 Rc8 14. O-O Na5
15. Qe2 Bg5 16. Rfd1 Qd7 17. Nef5 g6 18. Qg4 Qd8 19. h4 Bf4 20. Nh5 Kh8 21.
Nxf4 exf4 22. Qxf4 gxf5 23. exf5 Bc4 {
Jackson,R-Kagambi,W/Novi Sad olm 1990/TD 90\06/1-0 (37)}) 9... Nc6 10. h3 {
Secures g4} g6 11. Qd2 Bg7 12. Bc4 O-O 13. Rd1 Be6 14. a3 {Covers b4} Rc8 15.
Ba2 Nb8 16. Bb3 Nd7 17. Qe3 Nc5 18. O-O Re8 $14 (18... Nxb3 $5 19. Qxb3 b5 $11)
19. Ba2 Bf8 20. Qg5 $15 (20. Rd2 $142 $5 $14 {and White can hope to live})
20... Nxe4 21. Qxd8 Rexd8 22. c4 $17 (22. Rfe1 Nc5 $11) 22... Kg7 $15 (22...
Bxd5 23. Rxd5 Nf6 24. Rdd1 $17) 23. Rfe1 Bxd5 $11 (23... Nf6 24. Nxf6 Kxf6 25.
b3 $17) 24. Rxd5 Nf6 25. Rd2 h6 {Covers g5} 26. Red1 Ne4 27. Rd3 Nc5 28. Rd5
Be7 29. g3 {Prevents intrusion on h4} Na4 30. R1d2 $19 (30. R5d2 $142 $5 $17)
30... Nb6 31. Ra5 Nxc4 32. Bxc4 Rxc4 33. Rad5 Rdc8 34. Kf1 f5 35. h4 f4 (35...
Kf7 36. Ke2 $19) 36. Kg2 e4 37. Nd4 f3+ 38. Kh3 h5 39. Ne6+ Kf6 (39... Kg8 40.
Kh2 $19) 40. Nf4 (40. Ng5 R8c5 $19) 40... Rc1 {Do you see the mate threat?} 41.
Kh2 Rf1 42. Nxh5+ (42. g4 hxg4 43. Ra5 Kf7 $19) 42... gxh5 43. Rxh5 Rcc1 {
Threatening mate... how?} 44. g4 (44. Kh3 {
a last effort to resist the inevitable} Rce1 45. Rc2 $19) 44... Kg6 (44... Rg1
45. Kh3 Rg2 46. Rxd6+ Bxd6 47. Rh6+ Kg7 48. Rg6+ Kxg6 49. h5+ Kg5 50. b3 Rh2#)
45. Kg3 Rcd1 46. Rc2 (46. Rhd5 {desperation} Rxd2 47. Rxd2 $19) 46... Bf6 (
46... d5 $142 {and Black wins} 47. Kf4 Bd6+ 48. Re5 $19) 47. Kf4 Rde1 48. Rf5 (
48. Rd2 {doesn't change the outcome of the game} Be5+ 49. Rxe5 dxe5+ 50. Kxe5
Re2 51. Rd6+ Kf7 52. Rf6+ Kg7 $19) 48... Be5+ ({Instead of} 48... Bxh4 49. Rd5
Rd1 50. Rxd1 Rxd1 51. Kxe4 $19) 49. Rxe5 dxe5+ 50. Kxe5 0-1

[Event "Modbury Championship"]
[Site "Modbury"]
[Date "1997.??.??"]
[Round "?"]
[White "Van der Schoot, Peter"]
[Black "Maaz, John"]
[Result "1/2-1/2"]
[WhiteElo "1443"]
[BlackElo "1214"]
[Annotator "Fritz 5.32"]
[PlyCount "57"]
[EventDate "1997.??.??"]
[EventType "tourn"]
[EventRounds "11"]
[EventCountry "AUS"]

1. e4 e5 {Opening = C29 - Wiener Partie /Vienna Game} 2. Nc3 Nf6 3. f4 d6 4.
Nf3 Bg4 5. Bc4 (5. h3 Bxf3 6. Qxf3 Nbd7 7. Bc4 c6 8. O-O b5 9. Bb3 Nc5 10. d3
Nxb3 11. axb3 Be7 12. Be3 O-O 13. Ra6 b4 14. Ne2 Qc7 15. Rfa1 c5 16. fxe5 dxe5
17. Ng3 Rfe8 18. Nf5 Bf8 19. Rxf6 gxf6 20. Rf1 Kh8 21. Qg4 c4 22. Rf3 cxd3 23.
Rg3 Bh6 24. Bxh6 Qc5+ 25. Kh2 {
1-0 Morales,J-Berciano,E/Mesa op 1992/TD 92\09 (25)}) 5... Nc6 6. O-O Nd4 7.
fxe5 $146 (7. Kh1 c6 8. d3 Bxf3 9. gxf3 b5 10. Bb3 a5 11. a4 b4 12. Ne2 Nxb3
13. cxb3 c5 14. Be3 Be7 15. Rc1 Rc8 16. Rg1 g6 17. Rc2 Qd7 18. Qc1 {
1/2-1/2 Peterson,E-Lau,U/Dortmund op-A 1993/TD 93\06 (18)}) 7... dxe5 $16 (7...
Bxf3 $142 $5 {and Black can hope to survive} 8. gxf3 dxe5 $15) 8. Bxf7+ $1 {
securing the lead.} Ke7 9. Nd5+ Nxd5 10. Bxd5 ({Less advisable is} 10. exd5
Nxf3+ 11. gxf3 Bh3 $17) 10... c6 11. d3 $17 (11. Bc4 $142 {and White hangs on}
Nxf3+ 12. gxf3 $14) 11... Nxf3+ $4 $16 {throwing away the advantage} (11... Qb6
$142 12. Bg5+ Kd6 $17) 12. gxf3 Qb6+ 13. Kh1 $15 (13. Kg2 $142 $5 Bd7 14. Bb3
$16) 13... Bh3 14. Bg5+ Kd7 15. Bc4 h6 16. Bh4 Bxf1 17. Qxf1 g5 (17... Qxb2 $2
{fails to} 18. Rb1 Qa3 19. Rxb7+ Kc8 20. Qb1 $18) 18. Bf2 Bc5 (18... Qxb2 19.
Rb1 Qa3 20. Rxb7+ Kc8 21. Qb1 $18) 19. Qh3+ (19. Bg3 Rae8 $17) 19... Kc7 20.
Bg3 Bd6 $17 (20... Qxb2 $5 21. Rf1 $19) 21. b3 Raf8 22. Rf1 Qd4 23. Bf2 Qb2 24.
Qg2 Qxa2 (24... Qxc2 $4 {a poisoned pawn} 25. Bb6+ $3 {
this sacrifice busts up the opponent's position} Kxb6 26. Qxc2 $18) 25. Be6 Rf6
(25... Qxc2 $2 {is no good because of} 26. Bb6+ $3 {a beautiful sacrifice!}
Kxb6 27. Qxc2 $18) 26. Bf5 b6 (26... Qxc2 $2 {is worthless because of} 27. Bb6+
$3 {worthy of applause} Kxb6 28. Qxc2 $18) 27. Be3 Rhf8 28. Bg4 Rh8 $4 $11 {
gives the opponent new chances} (28... Qb2 $142 $19 {
Black would have gained the upper hand}) 29. Bf5 1/2-1/2

[Event "Modbury Championship"]
[Site "Modbury"]
[Date "1997.??.??"]
[Round "?"]
[White "Van der Schoot, Peter"]
[Black "Vuglar, Shanon"]
[Result "0-1"]
[WhiteElo "1443"]
[BlackElo "1101"]
[Annotator "Fritz 5.32"]
[PlyCount "95"]
[EventDate "1997.??.??"]
[EventType "tourn"]
[EventRounds "11"]
[EventCountry "AUS"]

1. e4 e5 {Opening = C28 - Wiener Partie /Vienna Game} 2. Nc3 Nc6 3. Bc4 Nf6 4.
f4 exf4 5. d4 Nxe4 $15 (5... Bb4 $5 6. Qd3 Bxc3+ 7. bxc3 Qe7 $17) 6. Bxf7+ $17
(6. Qe2 f5 7. Nxe4 fxe4 8. Bxf4 d5 9. Qh5+ g6 10. Qxd5 Qxd5 11. Bxd5 Nxd4 $11)
6... Kxf7 {Black launches an attack} 7. Qh5+ g6 8. Qd5+ Kg7 9. Qxe4 $19 (9.
Nxe4 $5 Nb4 10. Qe5+ Kg8 11. Kd1 $17) 9... Bb4 $15 (9... Bd6 $142 $5 10. Kd1
Re8 $17) 10. Bxf4 $17 (10. Qxf4 Re8+ 11. Nge2 $11) 10... Re8 11. Be5+ Nxe5 12.
dxe5 Qe7 13. Nf3 Qc5 14. O-O-O Bxc3 15. bxc3 Qxc3 16. Kb1 $19 (16. Qd4 $5 Qxd4
17. Rxd4 $17 (17. Nxd4 $2 Rxe5 18. Nf3 Re2 $19)) 16... d6 17. Rd3 Qc5 18. Re1
$2 $19 (18. Qe3 $142 $17) 18... Bf5 19. Qe3 Bxd3 {Threatening mate: Qxc2} 20.
Qxc5 dxc5 21. cxd3 Rad8 22. Kc2 Rd5 23. Kc3 b5 24. a3 h6 25. h4 a5 {
Black plans b4} 26. Re3 b4+ 27. axb4 cxb4+ 28. Kc4 Red8 29. e6 c6 (29... R5d6
$142 $5 {keeps an even firmer grip} 30. e7 Re8 31. g4 $19) 30. e7 Re8 31. Nd4
Rxd4+ (31... Rd6 $5 32. Nb3 $19) 32. Kxd4 Kf7 (32... Kf6 33. Re5 b3 34. Rc5
Rxe7 35. Kc3 $19) 33. Kc5 (33. Re5 a4 34. Kc5 Rxe7 35. Rxe7+ Kxe7 36. Kxb4 Kd6
$15) 33... Rxe7 34. Rf3+ Ke6 (34... Kg7 35. Kxc6 b3 36. Rf1 $19) 35. Kxc6 Re8
36. d4 Rc8+ 37. Kb5 Rc3 38. Rf2 Kd5 39. Kxa5 Rc4 $15 (39... Kc4 $142 $5 $17)
40. Rb2 Rxd4 41. Rxb4 $4 {the pressure is too much, White crumbles} (41. Rb3
Kc5 42. Ka4 Rxh4 43. Rg3 $19) 41... Rxb4 42. Kxb4 Ke4 43. Kc4 g5 44. g3 (44. h5
{hardly improves anything} g4 45. Kc5 g3 $19) 44... Kf3 45. Kd4 Kxg3 46. hxg5
hxg5 47. Ke4 g4 48. Kf5 0-1

[Event "Modbury Championship"]
[Site "Modbury"]
[Date "1997.??.??"]
[Round "?"]
[White "Gaviola, Cecil"]
[Black "Anderson-Smith, William"]
[Result "0-1"]
[WhiteElo "1498"]
[BlackElo "1465"]
[Annotator "Fritz 5.32"]
[PlyCount "90"]
[EventDate "1997.??.??"]
[EventType "tourn"]
[EventRounds "11"]
[EventCountry "AUS"]

1. e4 e6 {
Opening = C14 - Französische Vert-Klass Hauptvar /French Def-Classical main l}
2. d4 d5 3. Nc3 Nf6 4. Bg5 Be7 5. e5 Nfd7 6. Bxe7 Qxe7 7. Nb5 Nb6 8. Qg4 $11 (
8. a4 a6 9. a5 Nc4 (9... axb5 10. axb6 Rxa1 11. Qxa1 c6 12. Qa8 Qb4+ 13. c3
Qxb2 14. Ne2 b4 15. Qxb8 O-O 16. cxb4 Qxb4+ 17. Kd1 c5 18. Qc7 Qa4+ 19. Kd2 Bd7
20. Ke3 Rc8 21. Qxb7 cxd4+ 22. Nxd4 Rc3+ 23. Bd3 g5 24. Qb8+ Kg7 25. Qd8 Rxd3+
26. Kxd3 Qc4+ 27. Ke3 Qc3+ 28. Ke2 Qb2+ 29. Kd3 Bb5+ 30. Nxb5 Qxb5+ 31. Kd2 {
1/2-1/2 Ljubojevic,L-Kortschnoj,V/Belgrade 1987/CBM 04 (31)}) 10. Bxc4 dxc4 11.
Nc3 O-O 12. Nf3 Rd8 13. Ne4 b5 14. axb6 cxb6 15. Nd6 Rxd6 16. exd6 Qxd6 17. O-O
Bb7 18. Nd2 Qd5 19. Qf3 Qxf3 20. Nxf3 Bxf3 21. gxf3 Nc6 22. c3 Kf8 23. Rfd1 Ne7
24. b3 cxb3 25. Rdb1 Nd5 26. c4 Nf4 27. Rxb3 Ne2+ 28. Kg2 Rc8 29. Ra4 Nf4+ 30.
Kg3 Ne2+ 31. Kh3 b5 32. cxb5 axb5 33. Rxb5 h5 34. Rb7 g5 35. Rb2 Nf4+ 36. Kg3
Kg7 37. h4 f6 38. Ra5 Kg6 39. Rbb5 Ne2+ 40. Kh3 Nf4+ 41. Kg3 Ne2+ 42. Kh3 gxh4
43. Rxh5 Nf4+ 44. Kg4 Nxh5 45. Rxh5 f5+ 46. Kxh4 Rd8 47. Rg5+ Kf6 48. Rh5 Rxd4+
49. Kg3 {1/2-1/2 Aronian,L-Lempert,I/Erevan op 1996/EXP 52 (49)}) (8. c3 $5 $14
{has some apparent merit}) 8... O-O $14 (8... Qb4+ 9. Kd1 O-O 10. b3 $11) 9. c3
$15 (9. Bd3 $5 $14 {should be investigated more closely}) 9... a6 {
Black gets in control} 10. Na3 c5 $14 {Attacks the pawn chain} (10... Na4 $5
$15 {looks like a viable alternative}) 11. Nf3 Nc6 12. Bd3 f5 13. Qh5 $4 $17 {
White is ruining his position} (13. exf6 $142 {would allow White to play on}
Qxf6 14. dxc5 $11) 13... cxd4 14. Nc2 dxc3 15. bxc3 Nd7 16. O-O Ndxe5 17. Nxe5
Nxe5 18. Be2 Bd7 19. Nd4 Nc6 20. Nf3 Rf6 21. Qg5 e5 22. Rfe1 e4 23. Bd3 $4 {
sad, but how else could White save the game?} (23. Nd4 $142 $19) 23... Qf7 (
23... Re6 $5 {might be the shorter path} 24. Rab1 Re8 25. Qxe7 R6xe7 26. Bf1
exf3 27. Rxe7 Nxe7 28. Rxb7 $19) 24. Be2 exf3 25. Bxf3 Re8 26. Red1 d4 (26...
Re5 $142 $5 {might be the shorter path} 27. Qf4 $19) 27. cxd4 Qe7 28. g3 Qd6
29. Rab1 (29. d5 {doesn't get the bull off the ice} Nb4 30. Qh4 f4 $19) 29...
b5 (29... Nxd4 $142 {seems even better} 30. Bxb7 Ba4 31. Rd2 $19) 30. Rbc1 (30.
d5 {is no salvation} Ne5 31. Bg2 f4 $19) 30... f4 (30... Nxd4 $142 $5 {
keeps an even firmer grip} 31. Bh5 $19) 31. Bd5+ (31. Qd5+ {is not much help}
Qxd5 32. Bxd5+ Kf8 $19) 31... Kh8 32. Bxc6 Bxc6 33. d5 Bd7 34. Rd4 (34. Re1 {
doesn't do any good} Ref8 $19) 34... fxg3 (34... Rf5 {
and Black can already relax} 35. Qg4 fxg3 36. hxg3 Rxf2 37. Qg5 $19) 35. hxg3
Rg6 (35... Re2 $142 $5 {makes it even easier for Black} 36. Rd2 Re5 37. Qh4
Rxd5 38. Rxd5 Qxd5 39. a4 $19) 36. Qh4 Qf6 (36... Qa3 {seems even better} 37.
Ra1 $19) 37. Qxf6 Rxf6 (37... gxf6 $6 38. Rc7 Rg7 39. d6 $19) 38. Rc7 (38. d6
Kg8 $19) 38... Rd6 39. f4 Rd8 40. Kf2 h5 41. Ke3 g6 (41... Be6 42. dxe6 Rxd4
43. e7 $17) 42. Rd2 (42. Rc5 {cannot change destiny} Kg7 $19) 42... Be6 43.
dxe6 (43. f5 {hoping against hope} Bxd5 44. Kf4 $19) 43... Rxe6+ $1 {surprise!}
(43... Rxd2 $6 {is easily refuted} 44. e7 $15) 44. Kf3 {Threatening mate: Rxd8}
Rxd2 45. f5 Rf6 (45... Rf6 46. a3 Rxf5+ 47. Ke4 Re2+ 48. Kd4 Rf8 $19) 0-1

[Event "Modbury Championship"]
[Site "Modbury"]
[Date "1997.??.??"]
[Round "?"]
[White "Porlaje, Benjamin"]
[Black "Giermann, Arno"]
[Result "1-0"]
[WhiteElo "1270"]
[BlackElo "1556"]
[Annotator "Fritz 5.32"]
[PlyCount "107"]
[EventDate "1997.??.??"]
[EventType "tourn"]
[EventRounds "11"]
[EventCountry "AUS"]

1. e4 e5 {Opening = C42 - Russische Verteidigung-Petrow /Russian Defence-Petrov
} 2. Nf3 Nf6 3. Nc3 Bb4 4. d3 Bxc3+ $146 (4... d6 5. Be2 (5. Bd2 O-O 6. a3 Ba5
7. Be2 Nc6 8. b4 Bb6 9. O-O Nd4 10. Nxd4 Bxd4 11. Rb1 a6 12. Nd5 Be6 13. c3 Ba7
14. Bg5 Bxd5 15. exd5 h6 16. Be3 Bxe3 17. fxe3 Nxd5 18. Qd2 Qg5 19. Rf3 Rae8
20. Rd1 c6 21. c4 Nc7 22. Rg3 Qe7 23. e4 Ne6 24. Qxh6 f6 25. Bh5 Ng5 26. Qg6
Qf7 27. h4 {1-0 Lowcki,A-Le Louz,R/Paris op-2 1989/TD 89\04 (27)}) (5. h3 Nbd7
6. Bg5 O-O 7. Be2 b6 8. O-O Bxc3 9. bxc3 Bb7 10. Nh2 Qe8 11. Ng4 Nxg4 12. Bxg4
f6 13. Be3 Nc5 14. f4 exf4 15. Rxf4 d5 16. Bxc5 bxc5 17. Qe2 dxe4 18. dxe4 Qe5
19. Qc4+ Kh8 {Gjergji,R-O'Siochru,M/Novi Sad 1990/EXT 90/1-0 (55)}) 5... O-O 6.
O-O h6 7. Bd2 Be6 8. Qc1 Nc6 9. a3 Ba5 10. b4 Bb6 11. Na4 Qe7 12. Nxb6 axb6 13.
c4 Bg4 14. h3 Bd7 15. b5 Nd8 16. Ne1 Ne6 17. Nc2 Nc5 18. Rb1 Nh7 19. Ne3 {
Poenisch,H-Schulz,N/OLNO 1992/BIG 90/0-1 (82)}) (4... O-O 5. Bg5 (5. g3 d5 6.
Bd2 Bxc3 7. Bxc3 Nc6 8. Nxe5 Nxe5 9. Bxe5 Re8 10. Bxf6 Qxf6 11. Bg2 dxe4 12.
Bxe4 Bh3 13. Qh5 Rxe4+ 14. dxe4 Qxb2 15. Rd1 Qb4+ 16. Rd2 Qxe4+ 17. Re2 Qxh1+
18. Kd2 Rd8+ 19. Kc3 Qa1+ {
0-1 Lutzka,G-Eichner,S/GER-chJT Leipzig 1995/JUN 95 (19)}) 5... d6 6. Be2 h6 7.
Bd2 Nc6 8. O-O d5 9. Nxd5 Nxd5 10. exd5 Qxd5 11. Bxb4 Nxb4 12. Nd2 Qc5 13. a3
Nc6 14. Nb3 Qb6 15. Bf3 Be6 16. Bxc6 Qxc6 17. Nd2 Bd5 18. f3 Qb6+ 19. Rf2 {
Thormann,W-Federau,J/BL2-N 1992/BL2/0-1 (56)}) 5. bxc3 Nc6 6. Ba3 d6 {
Consolidates c5} 7. Be2 O-O 8. h3 {Prevents intrusion on g4} a6 9. Rb1 Rb8 10.
O-O Ne7 11. Re1 Ng6 12. Bc1 h6 {Controls g5} 13. Be3 Be6 14. Rb2 Nh7 15. Qd2 (
15. d4 b5 $11) 15... b5 16. Reb1 f5 17. exf5 Rxf5 18. c4 c6 19. Nh2 $14 (19. a4
d5 20. cxd5 Qxd5 $16) 19... d5 20. cxd5 cxd5 21. d4 e4 $16 {Black gains space}
(21... Rc8 22. a4 bxa4 23. Rb6 $14) 22. a4 Qf6 $2 $18 (22... Bd7 $142 $5 $16)
23. g4 (23. axb5 axb5 24. Bg4 Bd7 $18) 23... Rf4 24. Bxf4 $16 (24. h4 Rf8 25.
h5 Nh4 26. Bxf4 Qxf4 27. Qxf4 Rxf4 28. axb5 Ng5 29. bxa6 Nh3+ 30. Kf1 Rxf2+ 31.
Ke1 Bd7 $18) 24... Nxf4 25. Bf1 (25. axb5 $6 Nxh3+ 26. Kh1 Qxf2 $11 (26...
Nxf2+ $143 27. Kg2 $14)) 25... Ng5 26. Qe3 $16 (26. Rb3 Bf7 $18) 26... Bd7 $18
(26... Rf8 $5 27. h4 Nfh3+ 28. Kg2 Nf4+ 29. Kg3 Nh7 $18) 27. axb5 axb5 28. Rb3
$16 (28. Ra1 $5 Rb7 $18) 28... Ng6 $18 (28... Rf8 $142 $5 $16) 29. Qg3 $16 (29.
c4 $142 $5 $18) 29... Nf4 30. Qe3 $11 (30. Kh1 $142 $16) 30... Ng6 31. Bxb5 $16
{White creates threats along the open b-file} (31. c4 $142 $5 $18) 31... Bxb5
32. Rxb5 Rd8 $2 $18 (32... Rxb5 $142 33. Rxb5 Nf4 $16) 33. Rb6 Rd6 34. Rxd6
Qxd6 35. Rb3 (35. Kh1 Qc7 $18) 35... Nh4 36. Qg3 Qxg3+ 37. Rxg3 Ngf3+ $2 (37...
Ne6 $142 $18) 38. Nxf3 Nxf3+ 39. Kg2 (39. Rxf3 $142 {seems even better} exf3
40. Kh2 $18) 39... Nxd4 (39... Ne1+ $142 40. Kf1 Nxc2 $18) 40. Rc3 (40. c4 $142
$5 Kf7 41. cxd5 $18) 40... Kf7 41. Rc7+ {White gets the initiative} Kf6 42. c3
Ne6 43. Rc6 Ke5 44. Kg3 g5 $18 (44... Nf4 45. Rc8 $16) 45. Rc8 Nf4 46. c4 d4 {
The passed pawn on c4 quickly leads to threats} 47. Rd8 d3 48. Kh2 Ne6 49. Rd7
Kf4 50. Kg2 Ke5 51. Kf1 Nf4 $2 (51... Kf6 $142 $18) 52. c5 Nd5 53. c6 Ke6 (
53... Nb6 {no good, but what else?} 54. c7 Ke6 $18) 54. Rxd5 (54. Rxd5 Kxd5 55.
c7 $18) 1-0